000 01081cab a2200301 4500
001 ABS58997
008 090401t1998 xxu||||| |||| 00| 0 eng d
035 _a(Sirsi) u87635
041 _aeng
100 _aBoniface, S.
245 _aDorset leads the way in new-build thatching
260 _c1998
350 _a0
490 _aCSM
_bChartered Surveyor Monthly
_vJuly/August 1998, 39-41(3)
520 _aReports on the efforts of West dorset building control and the BRE to encourage use of thatch in new-build. Considers the main materials used in thatch and the methods adopted to reduce rik of fire spread, including the introduction of cavities and ventilation below the thatch. Lists the requirements and recommendations of the Dorset model.
650 _aBRE
650 _aBUILDING CONTROL
_96222
650 _aCAVITIES
650 _aDETERIORATION
650 _aDORSET
650 _aFIRE RISK
650 _aNEW-BUILD
650 _aTHATCH
650 _aVENTILATION
690 _aBUILT ENVIRONMENT-BUILDING MATERIALS
942 _n0
948 _c24/07/1998
999 _c55288
_d55288